Protecting business information : (Record no. 345222)
[ view plain ]
| 000 -LEADER | |
|---|---|
| fixed length control field | 01502 a2200193 4500 |
| 020 ## - INTERNATIONAL STANDARD BOOK NUMBER | |
| International Standard Book Number | 0750696583 |
| 020 ## - INTERNATIONAL STANDARD BOOK NUMBER | |
| International Standard Book Number | 9780750696586 |
| 082 04 - DEWEY DECIMAL CLASSIFICATION NUMBER | |
| Classification number | 658.472 |
| 090 ## - LOCALLY ASSIGNED LC-TYPE CALL NUMBER (OCLC); LOCAL CALL NUMBER (RLIN) | |
| -- | 2731 |
| -- | 2731 |
| 100 1# - MAIN ENTRY--PERSONAL NAME | |
| Personal name | Schweitzer, James A. |
| 245 10 - TITLE STATEMENT | |
| Title | Protecting business information : |
| Remainder of title | a manager's guide / |
| Statement of responsibility, etc. | James A Schweitzer. |
| 260 ## - PUBLICATION, DISTRIBUTION, ETC. | |
| Place of publication, distribution, etc. | [S.l.] : |
| Name of publisher, distributor, etc. | Butterworth-Heinemann, |
| Date of publication, distribution, etc. | 1995. |
| 300 ## - PHYSICAL DESCRIPTION | |
| Extent | 199 p. ; |
| Dimensions | 24 cm. |
| 500 ## - GENERAL NOTE | |
| General note | Hardcover. |
| 520 ## - SUMMARY, ETC. | |
| Summary, etc. | 'Protecting Business Information: A Manager's guide' is an introduction to the information resource, its sensitivity, value and susceptibility to risk. This book provides an outline for a business information security program and provides clear answers to the why and how of information protection. Protecting Business Information' provides detailed processes for analysis, leading to a complete and adequate information classification. It includes a thorough description of the methods for information classification. A valuable guide based on the author's fifteen year's experience in building and implementing information security programs for large, worldwide businesses. Provides a basis for the reasoning behind information protection processes. Suggests practical means for aligning an information security investment with business needs. |
| 856 40 - ELECTRONIC LOCATION AND ACCESS | |
| Materials specified | Amazon.com |
| Uniform Resource Identifier | <a href="http://www.amazon.com/exec/obidos/ASIN/0750696583/chopaconline-20">http://www.amazon.com/exec/obidos/ASIN/0750696583/chopaconline-20</a> |
| 856 40 - ELECTRONIC LOCATION AND ACCESS | |
| Materials specified | Amazon customer reviews |
| Uniform Resource Identifier | <a href="http://www.chopac.org/cgi-bin/tools/azrev.pl?q=0750696583">http://www.chopac.org/cgi-bin/tools/azrev.pl?q=0750696583</a> |
| 942 ## - ADDED ENTRY ELEMENTS (KOHA) | |
| Institution code [OBSOLETE] | NBS |
| Koha item type | Book |
| Call number prefix | 658.472 SCH |
| Withdrawn status | Lost status | Damaged status | Not for loan | Permanent Location | Current Location | Date acquired | Total Checkouts | Full call number | Barcode | Date last seen | Price effective from | Koha item type |
|---|---|---|---|---|---|---|---|---|---|---|---|---|
| Central Library (CL) | Central Library (CL) | 08/28/2013 | 658.472 SCH | NBS1267 | 08/28/2013 | 08/28/2013 | Book |
